[Event "Titled Tuesday intern op 02nd Feb"]
[Site "Chess.com INT"]
[Date "2021.02.02"]
[Round "7"]
[White "Lehtosaari, Mauri"]
[Black "Bognar, Csaba"]
[Result "0-1"]
[WhiteElo "2199"]
[BlackElo "2135"]
[PlyCount "58"]
[EventDate "2021.02.02"]
[EventType "swiss (blitz)"]
[EventRounds "11"]
[EventCountry "USA"]
[SourceTitle "CBM 200 Extra"]
[Source "ChessBase"]
[SourceDate "2021.03.31"]
[SourceVersion "1"]
[SourceVersionDate "2021.03.31"]
[SourceQuality "1"]

1. d4 Nf6 2. Nf3 g6 3. Bg5 Bg7 4. Nbd2 h6 5. Bh4 d6 6. c3 0-0 7. e3 Nbd7 8. Bc4 e5 9. a4 c6 10. dxe5 dxe5 11. Qc2 Qe7 12. Qxg6 b5 13. Ba2 bxa4 14. Ne4 a3 15. bxa3 Ba6 16. Nxf6+ Nxf6 17. Bxf6 Qxf6 18. Qxf6 Bxf6 19. 0-0-0 e4 20. Nd4 c5 21. Nf5 Bxc3 22. Nxh6+ Kh7 23. Nf5 Rab8 24. Nd6 Bb2+ 25. Kc2 Bd3+ 26. Rxd3 exd3+ 27. Kxd3 Rfd8 28. Kc2 Rxd6 29. Rb1 Rdb6 0-1

[Event "Titled Tuesday intern op 26th Jan"]
[Site "Chess.com INT"]
[Date "2021.01.26"]
[Round "8"]
[White "Bognar, Csaba"]
[Black "Abrashkin, Boris Vladimirovich"]
[Result "0-1"]
[WhiteElo "2135"]
[BlackElo "2407"]
[PlyCount "74"]
[EventDate "2021.01.26"]
[EventType "swiss (blitz)"]
[EventRounds "11"]
[EventCountry "USA"]
[SourceTitle "CBM 200 Extra"]
[Source "ChessBase"]
[SourceDate "2021.03.31"]
[SourceVersion "1"]
[SourceVersionDate "2021.03.31"]
[SourceQuality "1"]

1. d4 Nc6 2. c4 e5 3. d5 Nce7 4. e4 Ng6 5. Be3 Nf6 6. f3 d6 7. Ne2 Be7 8. g4 h6 9. Nbc3 Nh7 10. Qd2 Bg5 11. Ng3 Bxe3 12. Qxe3 Nf4 13. h4 Bd7 14. Nce2 Qf6 15. Nf5 Bxf5 16. exf5 0-0 17. 0-0-0 Nxe2+ 18. Bxe2 c6 19. Rdg1 cxd5 20. cxd5 Rac8+ 21. Kb1 Rc5 22. Bd3 e4 23. Bxe4 Re8 24. Qd3 Qe5 25. g5 h5 26. f6 Nf8 27. fxg7 Kxg7 28. g6 f6 29. Re1 f5 30. b4 fxe4 31. fxe4 Rc3 32. Qf1 Rc7 33. Rg1 Rec8 34. Qf2 a5 35. Ref1 Re7 36. Rg5 Qxe4+ 37. Ka1 Qe2 0-1

[Event "Titled Tuesday intern op 26th Jan"]
[Site "Chess.com INT"]
[Date "2021.01.26"]
[Round "1"]
[White "Bognar, Csaba"]
[Black "Maevsky, Nikolay"]
[Result "1-0"]
[WhiteElo "2135"]
[BlackElo "2337"]
[PlyCount "125"]
[EventDate "2021.01.26"]
[EventType "swiss (blitz)"]
[EventRounds "11"]
[EventCountry "USA"]
[SourceTitle "CBM 200 Extra"]
[Source "ChessBase"]
[SourceDate "2021.03.31"]
[SourceVersion "1"]
[SourceVersionDate "2021.03.31"]
[SourceQuality "1"]

1. d4 d5 2. c4 Nc6 3. Nf3 Bg4 4. Nbd2 e6 5. h3 Bh5 6. e3 Nf6 7. Bd3 Be7 8. 0-0 0-0 9. b3 a6 10. Bb2 Re8 11. a3 Bg6 12. Bxg6 hxg6 13. Qc2 Rb8 14. Rac1 Bd6 15. Ne5 Bxe5 16. dxe5 Nh7 17. cxd5 Qxd5 18. e4 Qa5 19. b4 Qb5 20. Rfd1 Rbd8 21. Nf3 Nf8 22. Nd4 Nxd4 23. Bxd4 c6 24. Bc5 a5 25. Rxd8 Rxd8 26. Rd1 Re8 27. Qd3 Qxd3 28. Rxd3 axb4 29. axb4 Ra8 30. Kh2 Rb8 31. Bb6 f6 32. f4 Kf7 33. g4 Ra8 34. exf6 gxf6 35. Kg3 Ke8 36. f5 exf5 37. exf5 g5 38. h4 gxh4+ 39. Kxh4 Nd7 40. Re3+ Kf7 41. Bc5 Rh8+ 42. Kg3 Ne5 43. Bd4 Nc4 44. Re6 Rg8 45. Rxf6+ Ke7 46. Re6+ Kd7 47. Kf4 Nd6 48. g5 Ra8 49. Bc5 Nc8 50. g6 Ra1 51. g7 Rf1+ 52. Ke4 Re1+ 53. Kf3 Rf1+ 54. Ke3 Rxf5 55. g8Q b6 56. Rg6 bxc5 57. Qe6+ Kc7 58. Qxf5 Nd6 59. Qxc5 Nb7 60. Qxc6+ Kb8 61. Rg8+ Ka7 62. Rg7 Ka8 63. Qxb7# 1-0

[Event "Titled Tuesday intern op 19th Jan"]
[Site "Chess.com INT"]
[Date "2021.01.19"]
[Round "4"]
[White "Bognar, Csaba"]
[Black "Gonzalez, Francisco Silva"]
[Result "0-1"]
[WhiteElo "2135"]
[BlackElo "2049"]
[PlyCount "74"]
[EventDate "2021.01.19"]
[EventType "swiss (blitz)"]
[EventRounds "11"]
[EventCountry "USA"]
[SourceTitle "CBM 200 Extra"]
[Source "ChessBase"]
[SourceDate "2021.03.31"]
[SourceVersion "1"]
[SourceVersionDate "2021.03.31"]
[SourceQuality "1"]

1. d4 Nf6 2. c4 e6 3. Nf3 d5 4. Nbd2 c5 5. g3 cxd4 6. Nxd4 e5 7. N4f3 e4 8. Nd4 Bc5 9. e3 0-0 10. N2b3 Bg4 11. Be2 Bb4+ 12. Bd2 Bxd2+ 13. Qxd2 dxc4 14. Bxc4 Bh3 15. 0-0-0 Qc7 16. Qc3 a6 17. Kb1 b5 18. Bf1 Qxc3 19. bxc3 Bg4 20. Be2 Bxe2 21. Nxe2 Nc6 22. Rd6 Ne5 23. Rhd1 Neg4 24. Nc5 a5 25. Nd4 b4 26. cxb4 axb4 27. Rd2 Nxh2 28. Rb2 Nhg4 29. Nc6 Rfe8 30. Nxb4 h5 31. a4 Re5 32. Nd7 Nxd7 33. Rxd7 Rxa4 34. Nc6 Re8 35. Ne7+ Kf8 36. Nf5 Ne5 37. Nd6 Nxd7 0-1

[Event "Titled Tuesday intern op 19th Jan"]
[Site "Chess.com INT"]
[Date "2021.01.19"]
[Round "1"]
[White "Bognar, Csaba"]
[Black "Plotnikov, Pavel"]
[Result "0-1"]
[WhiteElo "2135"]
[BlackElo "2297"]
[PlyCount "108"]
[EventDate "2021.01.19"]
[EventType "swiss (blitz)"]
[EventRounds "11"]
[EventCountry "USA"]
[SourceTitle "CBM 200 Extra"]
[Source "ChessBase"]
[SourceDate "2021.03.31"]
[SourceVersion "1"]
[SourceVersionDate "2021.03.31"]
[SourceQuality "1"]

1. d4 Nf6 2. c4 g6 3. Nc3 Bg7 4. e4 d6 5. f3 0-0 6. Be3 c5 7. Nge2 Nc6 8. Qd2 cxd4 9. Nxd4 Bd7 10. Be2 Rc8 11. 0-0 a6 12. Rad1 Qc7 13. b3 Ne5 14. h3 Bc6 15. f4 Ned7 16. Bf3 Nc5 17. e5 Nfe4 18. Nxe4 Bxe4 19. Bxe4 Nxe4 20. Qc2 dxe5 21. Qxe4 exd4 22. Bxd4 Bxd4+ 23. Rxd4 Qc5 24. Kh1 Rcd8 25. Rfd1 Rxd4 26. Rxd4 Qc7 27. Qd5 b5 28. cxb5 axb5 29. Qxb5 Qc1+ 30. Kh2 Qb2 31. Qd3 Qxa2 32. b4 Qe6 33. b5 Qb6 34. Qc4 Rb8 35. Rd7 e6 36. Qc7 Qxc7 37. Rxc7 Rxb5 38. Rc4 h5 39. Rc2 Kg7 40. g3 Rb4 41. Re2 h4 42. Kg2 Kf6 43. Kf2 Kf5 44. Re5+ Kf6 45. Re2 Rd4 46. Kg2 Kf5 47. Re5+ Kf6 48. Re2 hxg3 49. Kxg3 Rd3+ 50. Kg4 Rd1 51. Rg2 Kg7 52. h4 Kh6 53. Kg3 Rd3+ 54. Kg4 f5# 0-1